| 000 | 01014nam a2200289 i 4500 | ||
|---|---|---|---|
| 001 | bg | ||
| 100 | 1 | _aSchwartz, Steve. | |
| 245 | 1 | 0 |
_aPo prostu Office 2007 PL : _bwykorzystaj rewolucyjne zmiany pakietu Microsoft Office 2007, aby poprawić jakość i komfort swojej pracy / _cSteve Schwartz ; [tł. Maria Chaniewska]. |
| 246 | 1 |
_iTyt. oryg.: _aMicrosoft Office 2007 Visual QuickStart guide |
|
| 260 |
_aGliwice : _bWydawnictwo Helion, _ccop. 2008. |
||
| 300 |
_a458 s. : _bil. ; _c23 cm. |
||
| 490 | 1 | _aPo Prostu | |
| 500 | _aTyt. oryg.: "Microsoft Office 2007 Visual QuickStart guide" 2007. | ||
| 650 | 9 | _aMicrosoft Office | |
| 655 | _aPodręczniki | ||
| 700 | 1 |
_aChaniewska, Maria. _eTł. |
|
| 830 | _aPo Prostu | ||
| 020 | _a9788324613298 | ||
| 040 | _cBPK | ||
| 041 | 1 |
_apol _heng |
|
| 044 | _aPOL | ||
| 080 | _a004.4(07) | ||
| 920 | _a978-83-246-1329-8 | ||
| 942 | _cKS | ||
| 008 | s pl f |000 0 pol | ||
| 999 |
_c55730 _d55730 |
||
| 856 |
_uhttp://koha.tu.koszalin.pl/cgi-bin/koha/opac-detail.pl?biblionumber=55730 _yKatalog online BPK |
||